Statistics for World History True Or False

Click here to take the quiz!

General Stats

  • This quiz has been taken 447 times
  • The average score is 11 of 15

Answer Stats

QuestionAnswer% Correct
Adolf Hitler was the leader of Italy during WWIIFALSE
93%
Did the Titanic sink on its maiden voyageTRUE
90%
Leonardo Da Vinci painted the Mona LisaTRUE
90%
Did WWII start in 1940FALSE
86%
Napoleon won at the Battle of WaterlooFALSE
84%
George Washington was the 5th president of the United StatesFALSE
82%
Sir Edmund Hillary was the first to reach the top of Mt EverestTRUE
81%
Did Steve Jobs invent MicrosoftFALSE
77%
Did Marie Curie discover penicillinFALSE
76%
Did the Indian Ocean Tsunami happen on Boxing DayTRUE
75%
President James Garfield survived for 80 days after being shotTRUE
72%
Was there over 600 assassination attempts to kill Fidel CastroTRUE
71%
Elizabeth I was Catherine of Aragon's and Henry VIII childFALSE
55%
Cleopatra was the last pharaoh of EgyptTRUE
45%
Did Bill Clinton get impeachedFALSE
24%

Score Distribution

Percentile by Number Answered

Percent of People with Each Score

Your Score History

You have not taken this quiz